<?xml version="1.0" encoding="UTF-8"?>
<record
    xmlns:xsi="http://www.w3.org/2001/XMLSchema-instance"
    xsi:schemaLocation="http://www.loc.gov/MARC21/slim http://www.loc.gov/standards/marcxml/schema/MARC21slim.xsd"
    xmlns="http://www.loc.gov/MARC21/slim">

  <leader>01974cam a2200337 i 4500</leader>
  <controlfield tag="001">a43222780</controlfield>
  <controlfield tag="003">SIRSI</controlfield>
  <controlfield tag="005">20250703150243.0</controlfield>
  <controlfield tag="007">t|</controlfield>
  <controlfield tag="008">221026t20232023enka     b    001 0 eng d</controlfield>
  <datafield tag="010" ind1=" " ind2=" ">
    <subfield code="a">  2022948740</subfield>
  </datafield>
  <datafield tag="015" ind1=" " ind2=" ">
    <subfield code="a">GBC3D6010</subfield>
    <subfield code="2">bnb</subfield>
  </datafield>
  <datafield tag="016" ind1="7" ind2=" ">
    <subfield code="a">021144091</subfield>
    <subfield code="2">Uk</subfield>
  </datafield>
  <datafield tag="020" ind1=" " ind2=" ">
    <subfield code="a">9781509545223</subfield>
  </datafield>
  <datafield tag="035" ind1=" " ind2=" ">
    <subfield code="a">(OCoLC)1353961655</subfield>
    <subfield code="z">(OCoLC)1353981160</subfield>
    <subfield code="z">(OCoLC)1428888272</subfield>
  </datafield>
  <datafield tag="040" ind1=" " ind2=" ">
    <subfield code="a">YDX</subfield>
    <subfield code="b">eng</subfield>
    <subfield code="e">rda</subfield>
    <subfield code="c">DLC</subfield>
    <subfield code="d">UKMGB</subfield>
    <subfield code="d">BDX</subfield>
    <subfield code="d">TOH</subfield>
    <subfield code="d">YDX</subfield>
    <subfield code="d">OCLCF</subfield>
    <subfield code="d">IUO</subfield>
    <subfield code="d">CDX</subfield>
    <subfield code="d">MNN</subfield>
    <subfield code="d">OCLCO</subfield>
    <subfield code="d">GRU</subfield>
    <subfield code="d">EEM</subfield>
    <subfield code="d">RDF</subfield>
    <subfield code="d">DAC</subfield>
    <subfield code="d">UtOrBLW</subfield>
  </datafield>
  <datafield tag="041" ind1=" " ind2=" ">
    <subfield code="a">eng</subfield>
  </datafield>
  <datafield tag="042" ind1=" " ind2=" ">
    <subfield code="a">lccopycat</subfield>
  </datafield>
  <datafield tag="050" ind1="0" ind2="0">
    <subfield code="a">TA1634</subfield>
    <subfield code="b">.R484 2023</subfield>
  </datafield>
  <datafield tag="100" ind1=" " ind2=" ">
    <subfield code="a">Rettberg, Jill Walker</subfield>
    <subfield code="e">author</subfield>
    <subfield code="9">25680</subfield>
  </datafield>
  <datafield tag="245" ind1="1" ind2="0">
    <subfield code="a">Machine vision</subfield>
    <subfield code="b">: how algorithms are changing the way we see the world</subfield>
    <subfield code="c">/ Jill Walker Rettberg.</subfield>
  </datafield>
  <datafield tag="260" ind1=" " ind2=" ">
    <subfield code="a">Cambridge, UK :</subfield>
    <subfield code="b">Polity Press,</subfield>
    <subfield code="c">2023.</subfield>
  </datafield>
  <datafield tag="300" ind1=" " ind2=" ">
    <subfield code="a">vii, 225 pages :</subfield>
    <subfield code="b">illustrations ;</subfield>
    <subfield code="c">22 cm.</subfield>
  </datafield>
  <datafield tag="504" ind1=" " ind2=" ">
    <subfield code="a">Includes bibliographical references (pages 189-210) and index.</subfield>
  </datafield>
  <datafield tag="505" ind1="0" ind2=" ">
    <subfield code="a">Introduction &#x2014; Seeing More: Histories of Augmenting Human Vision &#x2014; Seeing Differently: exploring non-Human Vision &#x2014; Seeing Everything: Surveillance and the desire for Objectivity and Security &#x2014; Being Seen: the Algorithmic Gaze &#x2014; Seeing Less: the Blind Spots of Machine Vision &#x2014; Conclusion: hope.</subfield>
  </datafield>
  <datafield tag="520" ind1=" " ind2=" ">
    <subfield code="a">In this illuminating book, Jill Walker Rettberg examines the long history of machine vision. Providing an overview of the historical and contemporary uses of machine vision, she unpacks how technologies such as smart surveillance cameras and TikTok filters are changing the way we see the world and one another. By analysing fictional and real-world examples, including art, video games and science fiction, the book shows how machine vision can have very different cultural impacts, fostering both sympathy and community as well as anxiety and fear.</subfield>
  </datafield>
  <datafield tag="650" ind1=" " ind2="0">
    <subfield code="a">Computer vision</subfield>
    <subfield code="x">History</subfield>
    <subfield code="9">25681</subfield>
  </datafield>
  <datafield tag="650" ind1=" " ind2="0">
    <subfield code="a">Algorithms</subfield>
    <subfield code="x">Social aspects</subfield>
    <subfield code="9">25682</subfield>
  </datafield>
  <datafield tag="655" ind1=" " ind2="0">
    <subfield code="a">History</subfield>
    <subfield code="9">22700</subfield>
  </datafield>
  <datafield tag="942" ind1=" " ind2=" ">
    <subfield code="2">lcc</subfield>
  </datafield>
  <datafield tag="952" ind1=" " ind2=" ">
    <subfield code="0">0</subfield>
    <subfield code="1">0</subfield>
    <subfield code="2">lcc</subfield>
    <subfield code="4">0</subfield>
    <subfield code="7">0</subfield>
    <subfield code="a">TBS</subfield>
    <subfield code="b">TBS</subfield>
    <subfield code="d">2025-07-03</subfield>
    <subfield code="l">0</subfield>
    <subfield code="o">TA1634 WAL</subfield>
    <subfield code="p">B05802</subfield>
    <subfield code="r">2025-07-03</subfield>
    <subfield code="t">1</subfield>
    <subfield code="w">2025-07-03</subfield>
    <subfield code="y">1</subfield>
  </datafield>
  <datafield tag="999" ind1=" " ind2=" ">
    <subfield code="c">4827</subfield>
    <subfield code="d">4827</subfield>
  </datafield>
</record>
